| Поле | Название | Значение |
| |
Тип записи |
c |
| |
Библиографический уровень |
m |
| 001 |
Контрольный номер |
RU/УОНБ/EK_N/566672030 |
| 005 |
Дата корректировки |
20260402122613.5 |
| 010 |
Индекс ISBN |
__ |
| 9 |
Тираж |
10000 экз. |
| 013 |
Номер (ISMN) |
__ |
| d |
Цена |
1 р. 70 к. |
| 071 |
Издательские номер (звукозапись и ноты) |
21 |
| a |
Номер, присвоенный агентством |
12301 |
| 100 |
Данные общей обработки |
__ |
| a |
Данные общей обработки |
20171215d1983 u y0rusy0189 ca |
| 101 |
Язык документа |
0_ |
| a |
Язык текста |
rus |
| f |
Язык титульного листа |
rus |
| 102 |
Страна публикации |
__ |
| a |
Страна публикации |
RU |
| 105 |
Кодированные данные (монография) |
__ |
| a |
Кодированные данные (монография) |
y 000|y |
| 125 |
Кодированные данные звукозаписи и нотных изданий |
__ |
| a |
Форма изложения нотного текста |
с| |
| 128 |
Кодированные данные (звукозаписи-физические характеристики) |
__ |
| a |
Кодированные данные: Музыкальная форма и тональность или лад |
ccn |
| c |
Инструменты или голоса, рекомендуемые для солистов (устаревшее) |
vu|| |
| 200 |
Заглавие и сведения об ответственности |
1_ |
| a |
Заглавие |
Лирические песни французских композиторов |
| e |
Сведения, относящиеся к заглавию |
для голоса в сопровожд. фп. (баяна, гитары) |
| f |
Первые сведения об ответственности |
сост. С. Михайлова |
| 210 |
Выходные данные |
1_ |
| a |
Место издания |
Москва |
| c |
Издательство |
Музыка |
| d |
Дата издания |
1983 |
| 215 |
Физическое описание |
__ |
| a |
Объем |
64 с. |
| d |
Формат |
22 см |
| 327 |
Примечание о содержании |
11 |
| a |
Примечание о содержании |
Содерж.: Лей Ф. Верь, счастье найдем / сл. К. Десаж. - Гобер К. Первая любовь / сл. П.-А. Дуссе. - Барьер А. Ты была так прекрасна ; Вернись, Мари / сл. А Барьера. - Дон А. Белое платье ; Охота / сл. С. Лама. - Мисраки П. Мария / сл. А. Орне. - Кокатри Б. Мой ангел / сл. Ж. Филина ; Вприпрыжку / сл. П. Дюдана. - Шуман М. Селина / сл. Блин-Бугги и Х. Офрея. - Кеслер Б. Если бы ты вернулась / сл. К. Франсуа и Ж. Шомеля. - Лоран М. Царица Сабская / сл. М. Лорана. - Бергман М., Бергман А., Легран М. Движения моей души / сл. Э. Марне. - Легран М. Возвращение на Яву / сл. Ж. Дрежака. - Брассанс Ж. Еще не кончена игра! ; Купидон не в духе ; Монтелимар / сл. Ж. Брассанса. - Вьенер Ж. Деньги / сл. М. Ланжана. - Брель Ж. Не покидай! / сл. Ж. Бреля. - Легран М., Барклей Э. Сиреневый вальс / сл. Э. Марне |
| 464 |
Аналитический уровень |
_0 |
| 1 |
|
2001 |
| a |
|
Верь, счастье найдем |
| e |
|
Вновь вечер пришел, и опять... |
| 1 |
|
700 1 |
| a |
|
Лей |
| b |
|
Ф. |
| 1 |
|
702 1 |
| a |
|
Десаж |
| b |
|
К. |
| 4 |
|
520 |
| 464 |
Аналитический уровень |
_0 |
| 1 |
|
2001 |
| a |
|
Первая любовь |
| e |
|
О, первая любовь |
| 1 |
|
700 1 |
| a |
|
Гобер |
| b |
|
К. |
| 1 |
|
700 1 |
| a |
|
Дуссе |
| b |
|
П.-А. |
| 464 |
Аналитический уровень |
_0 |
| 1 |
|
2001 |
| a |
|
Ты была так прекрасна |
| e |
|
Ты была так прекрасна... |
| 1 |
|
700 1 |
| a |
|
Барьер |
| b |
|
А. |
| 1 |
|
702 1 |
| a |
|
Барьера |
| b |
|
А. |
| 4 |
|
520 |
| 464 |
Аналитический уровень |
_0 |
| 1 |
|
2001 |
| a |
|
Белое платье |
| e |
|
Ты навстречу по саду шла... |
| 1 |
|
700 1 |
| a |
|
Дон |
| b |
|
А. |
| 1 |
|
702 1 |
| a |
|
Лам |
| b |
|
С. |
| 4 |
|
520 |
| 464 |
Аналитический уровень |
_0 |
| 1 |
|
2001 |
| a |
|
Мария |
| e |
|
У моря рождена... |
| 1 |
|
700 1 |
| a |
|
Мисраки |
| b |
|
П. |
| 1 |
|
702 1 |
| a |
|
Орне |
| b |
|
А. |
| 4 |
|
520 |
| 464 |
Аналитический уровень |
_0 |
| 1 |
|
2001 |
| a |
|
Мой ангел |
| e |
|
О вы, мой ангел золотой... |
| 1 |
|
700 1 |
| a |
|
Кокатри |
| b |
|
Б. |
| 1 |
|
702 1 |
| a |
|
Филин |
| b |
|
Ж. |
| 4 |
|
520 |
| 464 |
Аналитический уровень |
_0 |
| 1 |
|
2001 |
| a |
|
Селина |
| e |
|
Ну, почему ты замуж не идешь... |
| 1 |
|
700 1 |
| a |
|
Шуман |
| b |
|
М. |
| 1 |
|
702 1 |
| a |
|
Блин-Бугги |
| 4 |
|
520 |
| 1 |
|
702 |
| a |
|
Офрей |
| b |
|
Х. |
| 4 |
|
520 |
| 464 |
Аналитический уровень |
_0 |
| 1 |
|
2001 |
| a |
|
Если бы ты вернулась |
| e |
|
Мы нашли с тобой дом затерянный... |
| 1 |
|
700 1 |
| a |
|
Кеслер |
| b |
|
Б. |
| 1 |
|
702 1 |
| a |
|
Франсуа |
| b |
|
К. |
| 1 |
|
702 1 |
| a |
|
Шомель |
| b |
|
Ж. |
| 4 |
|
520 |
| 464 |
Аналитический уровень |
_0 |
| 1 |
|
2001 |
| a |
|
Царица Сабская |
| e |
|
Как же могла ты молча проститься... |
| 1 |
|
700 1 |
| a |
|
Лоран |
| b |
|
М. |
| 1 |
|
702 1 |
| a |
|
Лоран |
| b |
|
М. |
| 4 |
|
520 |
| 464 |
Аналитический уровень |
_0 |
| 1 |
|
2001 |
| a |
|
Движения моей души |
| e |
|
Снова память возвращает... |
| 1 |
|
700 1 |
| a |
|
Бергман |
| b |
|
М. |
| 1 |
|
700 1 |
| a |
|
Бергман |
| b |
|
А. |
| 1 |
|
700 1 |
| a |
|
Легран |
| b |
|
М. |
| 1 |
|
702 1 |
| a |
|
Марне |
| 4 |
|
520 |
| 464 |
Аналитический уровень |
_0 |
| 1 |
|
2001 |
| a |
|
Возвращение на Яву |
| e |
|
Вновь гремит прибой... |
| 1 |
|
700 1 |
| a |
|
Легран |
| b |
|
М. |
| 1 |
|
702 1 |
| a |
|
Дрежак |
| b |
|
Ж. |
| 4 |
|
520 |
| 464 |
Аналитический уровень |
_0 |
| 1 |
|
2001 |
| a |
|
Еще не кончена игра! |
| e |
|
Этот обильный, влажный снег... |
| 1 |
|
700 1 |
| a |
|
Брассанс |
| b |
|
Ж. |
| 1 |
|
702 1 |
| a |
|
Брассанс |
| b |
|
Ж. |
| 4 |
|
520 |
| 464 |
Аналитический уровень |
_0 |
| 1 |
|
2001 |
| a |
|
Деньги |
| e |
|
Пусть будет так... |
| 1 |
|
700 1 |
| a |
|
Вьенер |
| b |
|
Ж. |
| 1 |
|
702 1 |
| a |
|
Ланжан |
| b |
|
М. |
| 4 |
|
520 |
| 464 |
Аналитический уровень |
_0 |
| 1 |
|
2001 |
| a |
|
Не покидай! |
| e |
|
Не бросай меня... |
| 1 |
|
700 1 |
| a |
|
Брель |
| b |
|
Ж. |
| 1 |
|
702 1 |
| a |
|
Брель |
| b |
|
Ж. |
| 4 |
|
520 |
| 464 |
Аналитический уровень |
_0 |
| 1 |
|
2001 |
| a |
|
Сиреневый вальс |
| e |
|
Верь весне и майскому цветенью... |
| 1 |
|
700 1 |
| a |
|
Легран |
| b |
|
М. |
| 1 |
|
700 1 |
| a |
|
Барклей |
| b |
|
Э. |
| 1 |
|
702 1 |
| a |
|
Марне |
| b |
|
Э. |
| 4 |
|
520 |
| 464 |
Аналитический уровень |
_0 |
| 1 |
|
2001 |
| a |
|
Вернись, Мари |
| e |
|
Над кабачком приморским реют альбатросы... |
| 1 |
|
700 1 |
| a |
|
Барьер |
| b |
|
А. |
| 1 |
|
702 1 |
| a |
|
Барьера |
| b |
|
А. |
| 4 |
|
520 |
| 464 |
Аналитический уровень |
_0 |
| 1 |
|
2001 |
| a |
|
Белое платье |
| e |
|
Ты навстречу по саду шла... |
| 1 |
|
700 1 |
| a |
|
Дон |
| b |
|
А. |
| 1 |
|
702 1 |
| a |
|
Лам |
| b |
|
С. |
| 4 |
|
520 |
| 464 |
Аналитический уровень |
_0 |
| 1 |
|
2001 |
| a |
|
Охота |
| e |
|
Жюли, Франсуаза, Симона... |
| 1 |
|
700 1 |
| a |
|
Дон |
| b |
|
А. |
| 1 |
|
702 1 |
| a |
|
Лам |
| b |
|
С. |
| 4 |
|
520 |
| 464 |
Аналитический уровень |
_0 |
| 1 |
|
2001 |
| a |
|
Вприпрыжку |
| e |
|
Родился я в стране веселой... |
| 1 |
|
700 1 |
| a |
|
Кокатри |
| b |
|
Б. |
| 1 |
|
702 1 |
| a |
|
Дюдан |
| b |
|
Ф. |
| 4 |
|
520 |
| 464 |
Аналитический уровень |
_0 |
| 1 |
|
2001 |
| a |
|
Купидон не в духе |
| e |
|
Для любви взаимной так мало надо... |
| 1 |
|
700 1 |
| a |
|
Брассанс |
| b |
|
Ж. |
| 1 |
|
702 1 |
| a |
|
Брассанс |
| b |
|
Ж. |
| 4 |
|
520 |
| 464 |
Аналитический уровень |
_0 |
| 1 |
|
2001 |
| a |
|
Монтелимар |
| e |
|
Вновь богачи и лихачи... |
| 1 |
|
700 1 |
| a |
|
Брассанс |
| b |
|
Ж. |
| 1 |
|
702 1 |
| a |
|
Брассанс |
| b |
|
Ж. |
| 4 |
|
520 |
| 500 |
Унифицированное заглавие |
10 |
| a |
Унифицированное заглавие |
Песни |
| 606 |
Тематические рубрики |
0_ |
| a |
Основная рубрика |
Песни зарубежных композиторов |
| x |
Основная подрубрика |
Лирические песни |
| y |
Географическая подрубрика |
Франция |
| 610 |
Ключевые слова |
0_ |
| a |
Ключевые слова |
песни зарубежных композиторов |
| 610 |
Ключевые слова |
0_ |
| a |
Ключевые слова |
лирические песни |
| 610 |
Ключевые слова |
0_ |
| a |
Ключевые слова |
песни французских композиторов |
| 686 |
Индексы других классификаций |
__ |
| a |
Классификационный индекс |
85.943.4-42-041.5(3)я43 |
| 2 |
Код системы |
rubbk |
| 702 |
Вторичная интеллектуальная ответственность |
_1 |
| a |
Фамилия |
Михайлова |
| b |
Имя (инициалы) |
С. |
| 4 |
Код отношения |
220 |
| 801 |
Источник записи |
_0 |
| a |
Страна |
RU |
| b |
Организация |
Ульяновская ОНБ |
| c |
Дата составления |
20171215 |
| g |
Правила каталогизации |
RCR |
| 801 |
Источник записи |
_1 |
| a |
Страна |
RU |
| b |
Организация |
Ульяновская ОНБ |
| c |
Дата составления |
20171215 |
| g |
Правила каталогизации |
RCR |
| 901 |
Тип документа |
__ |
| t |
Тип документа |
m |
| 909 |
Создатель записи |
__ |
| a |
Создатель записи |
Никитина Т. А. |
| 910 |
Корректоры записи |
__ |
| a |
Корректор записи |
Илямакова |
| 938 |
Служебная информация |
__ |
| a |
Имя БД |
noti |
| b |
Имя библиотеки |
УОНБ |
| c |
Имя АИБС |
МАРК-SQL |
| d |
Номер DOC_ID в БД |
17400 |